Crisis and the dollar as a world reserve currency

Zdroje, rozsah a a pretrvávanie súčasnej ekonomickej krízy. Americký dolár stráca svoju pozíciu. Svetová ekonomická kríza a slovenská ekonomika.

Na minha lista:
Detalhes bibliográficos
Outros Autores: Grossmanová, Marta
Formato: Capítulo de Livro
Idioma:inglês
Assuntos:
Tags: Adicionar Tag
Sem tags, seja o primeiro a adicionar uma tag!

MARC

LEADER 00000naa$a2200000$$$4500
001 0120954
005 20240502072354.9
041 0 |a eng 
044 |a SK 
245 1 0 |a Crisis and the dollar as a world reserve currency  |c do angl. prel. Marta Grossmanová 
520 |a Zdroje, rozsah a a pretrvávanie súčasnej ekonomickej krízy. Americký dolár stráca svoju pozíciu. Svetová ekonomická kríza a slovenská ekonomika. 
610 2 0 |a kríza hospodárska 
610 2 0 |a kríza finančná 
610 2 0 |a recesia 
610 2 0 |a politika fiškálna 
610 2 0 |a politika menová 
610 2 0 |a dolár 
700 1 |a Grossmanová, Marta